000 00651nam a2200181 i 4500
001 104325
003 ES-MaACL
005 20230906183553.0
007 t|
008 051128s1944 sp ||||1| spa d
100 1 _aMiguel y Romero, Mauro.
_981040
245 1 0 _aLecciones y modelos de práctica forense
_b: (derecho procesal práctico) /
_cMauro Miguel y Romero; con anotaciones y adiciones de Carlos Miguel y Alonso.
250 _asexta edición notablemente corr. y aum.
260 _aMadrid :
_bVictoriano Suarez,
_c1944.
300 _a2 v. ;
_c23 cm.
700 1 _aMiguel y Alonso, Carlos.
_981037
852 _aES-MaACL
_jF-16157-59
_bR.20807
999 _c104325
_d104325